[Event "IBCA EU-chT blind 01st"]
[Site "Warsaw"]
[Date "2016.07.31"]
[Round "8.3"]
[White "Began, Branko"]
[Black "Clemente Llamero, Roberto"]
[Result "0-1"]
[WhiteElo "1836"]
[BlackElo "2162"]
[PlyCount "62"]
[EventDate "2016.07.24"]
[EventType "team-swiss"]
[EventRounds "9"]
[EventCountry "POL"]
[SourceTitle "CBM 173 Extra"]
[Source "ChessBase"]
[SourceDate "2016.08.29"]
[SourceVersion "1"]
[SourceVersionDate "2016.08.29"]
[SourceQuality "1"]
[WhiteTeam "Croatia"]
[BlackTeam "Spain"]
[WhiteTeamCountry "CRO"]
[BlackTeamCountry "ESP"]

1. d4 Nf6 2. Nf3 c5 3. e3 e6 4. c4 d5 5. Nc3 cxd4 6. exd4 Bb4 7. Bd2 0-0 8. a3 Bxc3 9. Bxc3 Ne4 10. Rc1 Nc6 11. Bd3 Nxc3 12. Rxc3 dxc4 13. Bxc4 Bd7 14. 0-0 Rc8 15. Qb1 Ne7 16. Re1 h6 17. Qa2 b5 18. Bd3 Bc6 19. Be4 Bxe4 20. Rxe4 Rxc3 21. bxc3 Nd5 22. Re1 Qc7 23. h3 Qxc3 24. a4 b4 25. Rb1 Rc8 26. a5 Qc2 27. Rb2 Qc1+ 28. Kh2 Qf4+ 29. Kh1 Rc1+ 30. Ng1 Qxd4 31. Rb1 Nc3 0-1

[Event "FEDC Cup Div/1 16th"]
[Site "Cambrils"]
[Date "2015.11.26"]
[Round "5.1"]
[White "Saez Gabikagogeaskoa, Oscar"]
[Black "Clemente Llamero, Roberto"]
[Result "0-1"]
[WhiteElo "2028"]
[BlackElo "2095"]
[PlyCount "60"]
[EventDate "2015.11.22"]
[EventType "team-tourn"]
[EventRounds "7"]
[EventCountry "ESP"]
[SourceTitle "CBM 169 Extra"]
[Source "ChessBase"]
[SourceDate "2015.12.18"]
[SourceVersion "1"]
[SourceVersionDate "2015.12.18"]
[SourceQuality "1"]
[WhiteTeam "Pais Vasco"]
[BlackTeam "Castilla y Leon"]
[WhiteTeamCountry "ESP"]
[BlackTeamCountry "ESP"]

1. e4 c6 2. d4 d5 3. exd5 cxd5 4. c4 Nf6 5. Nc3 e6 6. Nf3 Be7 7. c5 0-0 8. Bd3 b6 9. b4 a5 10. Na4 Nbd7 11. a3 axb4 12. axb4 bxc5 13. bxc5 e5 14. dxe5 Nxc5 15. Nxc5 Rxa1 16. Nb3 Bb4+ 17. Nfd2 Rxc1 18. Qxc1 Ng4 19. 0-0 Nxe5 20. Be2 d4 21. Nc4 d3 22. Bd1 Qc7 23. Nxe5 Qxe5 24. Qc4 Bd6 25. f4 Qe3+ 26. Kh1 Bb7 27. Qd4 Qxd4 28. Nxd4 Re8 29. Bb3 d2 30. Nc2 Re2 0-1